[Event "GER-ch Net Amateur Gr-A Final"]
[Site "Playchess.com INT"]
[Date "2020.04.18"]
[Round "9"]
[White "Buchal, Stephan"]
[Black "Lauer, Marius"]
[Result "1-0"]
[WhiteElo "2066"]
[BlackElo "1932"]
[PlyCount "101"]
[EventDate "2020.04.18"]
[EventType "swiss (blitz)"]
[EventRounds "13"]
[EventCountry "GER"]
[SourceTitle "CBM 195 Extra"]
[Source "ChessBase"]
[SourceDate "2020.05.31"]
[SourceVersion "1"]
[SourceVersionDate "2020.05.31"]
[SourceQuality "1"]

1. c4 Nf6 2. g3 e6 3. Bg2 d5 4. Nf3 Be7 5. 0-0 0-0 6. b3 c5 7. e3 b6 8. Bb2 Bb7 9. Nc3 dxc4 10. bxc4 Nbd7 11. Qe2 Ne4 12. Nxe4 Bxe4 13. d3 Bb7 14. Rfd1 Bf6 15. d4 Qe7 16. d5 exd5 17. cxd5 Ne5 18. Nxe5 Bxe5 19. d6 Bxd6 20. Bxb7 Rab8 21. Bd5 Bc7 22. Qg4 Be5 23. Bxe5 Qxe5 24. e4 b5 25. f4 Qc3 26. e5 Qe3+ 27. Kg2 c4 28. Qf3 Qc5 29. f5 a5 30. f6 g6 31. Qf4 Kh8 32. Qh6 Rg8 33. Bxf7 Qxe5 34. Bxg8 Qe2+ 35. Kh3 Rxg8 36. Qf4 Qh5+ 37. Kg2 Qe2+ 38. Qf2 Qe4+ 39. Qf3 Qc2+ 40. Kg1 Rf8 41. f7 Kg7 42. Rac1 Qxa2 43. Qc3+ Kxf7 44. Rf1+ Kg8 45. Rxf8+ Kxf8 46. Rf1+ Ke8 47. Qe5+ Kd7 48. Rf7+ Kc6 49. Rc7+ Kb6 50. Qc5+ Ka6 51. Ra7# 1-0

[Event "GER-ch Net Amateur Gr-A Vor2"]
[Site "Playchess.com INT"]
[Date "2020.04.15"]
[Round "6"]
[White "Hartmann, Martin"]
[Black "Lauer, Marius"]
[Result "1/2-1/2"]
[WhiteElo "2009"]
[BlackElo "1888"]
[PlyCount "150"]
[EventDate "2020.04.15"]
[EventType "swiss (blitz)"]
[EventRounds "9"]
[EventCountry "GER"]
[SourceTitle "CBM 196 Extra"]
[Source "ChessBase"]
[SourceDate "2020.07.31"]
[SourceVersion "1"]
[SourceVersionDate "2020.07.31"]
[SourceQuality "1"]

1. e4 e5 2. Nf3 Nc6 3. d4 exd4 4. Bc4 Nf6 5. e5 d5 6. Bb5 Ne4 7. Nxd4 Bd7 8. Bxc6 bxc6 9. 0-0 Bc5 10. f3 Ng5 11. f4 Ne6 12. c3 Qh4 13. Be3 0-0 14. f5 Nxd4 15. cxd4 Bb6 16. Nc3 Rad8 17. g3 Qh3 18. Qf3 Bc8 19. f6 g6 20. b4 a5 21. a3 Bf5 22. Qf4 Ra8 23. b5 cxb5 24. Nxd5 Rad8 25. Ne7+ Kh8 26. Rad1 Be6 27. Qh6 Qxh6 28. Bxh6 Rg8 29. Rf4 b4 30. axb4 axb4 31. Kg2 Bd5+ 32. Nxd5 Rxd5 33. Bg7+ Rxg7 34. fxg7+ Kxg7 35. Rdf1 Rd7 36. d5 b3 37. e6 fxe6 38. dxe6 Re7 39. Rf7+ Rxf7 40. Rxf7+ Kg8 41. Rf1 b2 42. Rb1 Bd4 43. Kf3 Kf8 44. Ke4 Bf6 45. Kd5 Ke7 46. h4 h5 47. Re1 Bc3 48. Rf1 Bd2 49. Rb1 Bc1 50. Ke5 c5 51. Kd5 c4 52. Kxc4 Kxe6 53. Kd3 Kf5 54. Ke2 Kg4 55. Kf2 Kf5 56. Kf3 Ke5 57. g4 Kf6 58. gxh5 gxh5 59. Ke4 Ke6 60. Kf3 Kf5 61. Kg3 Ke5 62. Kf3 Kf5 63. Kg3 Ke4 64. Kg2 Kf4 65. Kh3 Kf3 66. Kh2 Kg4 67. Kg2 Kxh4 68. Kh2 Kg4 69. Kg2 h4 70. Kh2 h3 71. Kg1 Kh4 72. Kh2 Kg4 73. Kg1 Kg3 74. Kh1 Kf4 75. Kh2 Kg4 1/2-1/2

[Event "GER-ch Net Amateur Gr-A Vor2"]
[Site "Playchess.com INT"]
[Date "2020.04.15"]
[Round "9"]
[White "Lauer, Marius"]
[Black "Loew, Gerald"]
[Result "1-0"]
[WhiteElo "1888"]
[BlackElo "2081"]
[PlyCount "113"]
[EventDate "2020.04.15"]
[EventType "swiss (blitz)"]
[EventRounds "9"]
[EventCountry "GER"]
[SourceTitle "CBM 196 Extra"]
[Source "ChessBase"]
[SourceDate "2020.07.31"]
[SourceVersion "1"]
[SourceVersionDate "2020.07.31"]
[SourceQuality "1"]

1. c4 e5 2. g3 d6 3. Bg2 f5 4. Nc3 Nf6 5. d3 Be7 6. Nf3 0-0 7. 0-0 c6 8. b4 Kh8 9. b5 Be6 10. Ne1 a6 11. bxc6 Nxc6 12. Rb1 Rb8 13. Nc2 d5 14. Nxd5 Nxd5 15. cxd5 Bxd5 16. Bxd5 Qxd5 17. Ne3 Qxa2 18. Bd2 Nd4 19. Nc4 b5 20. Nxe5 Qe6 21. Bf4 g5 22. Nf7+ Rxf7 23. Bxb8 Nxe2+ 24. Kg2 f4 25. f3 fxg3 26. hxg3 g4 27. Rb2 Nd4 28. Bf4 gxf3+ 29. Rxf3 Nxf3 30. Qxf3 Bd6 31. Re2 Qf6 32. Re8+ Kg7 33. Qg4+ Qg6 34. Qxg6+ hxg6 35. Bxd6 Rd7 36. Be5+ Kf7 37. Ra8 Rxd3 38. Rxa6 b4 39. Rb6 b3 40. Bf4 Rc3 41. Kf2 Rd3 42. Ke2 Rc3 43. Kd2 Rf3 44. Ke2 Rc3 45. Be3 Rc2+ 46. Kd3 Rg2 47. Bf4 b2 48. Kc3 g5 49. Bb8 g4 50. Rxb2 Rg1 51. Kd3 Rf1 52. Rb6 Rf3+ 53. Ke4 Kg7 54. Bf4 Kf7 55. Kf5 Rd3 56. Rb7+ Kg8 57. Kxg4 1-0

[Event "GER-ch Net Amateur Gr-A Vor1"]
[Site "Playchess.com INT"]
[Date "2020.04.14"]
[Round "5"]
[White "Lauer, Marius"]
[Black "Schletter, Felix"]
[Result "1-0"]
[WhiteElo "1863"]
[BlackElo "1757"]
[PlyCount "93"]
[EventDate "2020.04.14"]
[EventType "swiss (blitz)"]
[EventRounds "9"]
[EventCountry "GER"]
[SourceTitle "EXT 2021"]
[Source "ChessBase"]
[SourceDate "2020.10.23"]
[SourceVersion "1"]
[SourceVersionDate "2020.10.23"]
[SourceQuality "1"]

1. c4 c5 2. g3 Nf6 3. Bg2 d5 4. cxd5 Nxd5 5. Nc3 Nc7 6. Nf3 Nc6 7. 0-0 e5 8. d3 Be7 9. a3 0-0 10. Rb1 Be6 11. Bd2 Rb8 12. b4 cxb4 13. axb4 f6 14. b5 Nd4 15. Nxd4 Qxd4 16. Ne4 Nd5 17. Qc1 Rfc8 18. Qb2 Qxb2 19. Rxb2 h6 20. Ra1 f5 21. Rxa7 fxe4 22. Bxe4 Bc5 23. Ra4 b6 24. Ra7 Nc7 25. Bc6 Kf8 26. Kg2 Bd4 27. Rc2 Bb3 28. Rc1 Bd5+ 29. e4 Bf7 30. Bb4+ Kg8 31. Bd7 Nxb5 32. Rxc8+ Rxc8 33. Bxb5 Rc2 34. Be1 Rb2 35. Bc4 Bxc4 36. dxc4 Rc2 37. Rc7 Bc5 38. Kf3 Rxc4 39. Rc8+ Kh7 40. Kg4 Rc2 41. f4 exf4 42. gxf4 Rxh2 43. Kf5 Re2 44. Bc3 Rc2 45. Be5 g6+ 46. Ke6 Ra2 47. Rh8# 1-0

[Event "GER-ch Net Amateur Gr-A Vor1"]
[Site "Playchess.com INT"]
[Date "2020.04.14"]
[Round "1"]
[White "Lehmann, Ruben"]
[Black "Lauer, Marius"]
[Result "1/2-1/2"]
[WhiteElo "1461"]
[BlackElo "1907"]
[PlyCount "84"]
[EventDate "2020.04.14"]
[EventType "swiss (blitz)"]
[EventRounds "9"]
[EventCountry "GER"]
[SourceTitle "EXT 2021"]
[Source "ChessBase"]
[SourceDate "2020.10.23"]
[SourceVersion "1"]
[SourceVersionDate "2020.10.23"]
[SourceQuality "1"]

1. d4 Nf6 2. c4 c5 3. d5 b5 4. cxb5 a6 5. bxa6 d6 6. Nc3 Bxa6 7. e4 Bxf1 8. Kxf1 g6 9. g3 Bg7 10. Kg2 0-0 11. Nf3 Na6 12. h3 Nd7 13. Bd2 Qb6 14. Rb1 Nc7 15. a4 Ne5 16. Nxe5 Bxe5 17. f4 Bd4 18. b3 Rfb8 19. Qc2 Qa6 20. Rhe1 f6 21. Ne2 Rc8 22. Bc3 Bxc3 23. Nxc3 Qb7 24. e5 Nxd5 25. Qe4 e6 26. exf6 Qf7 27. Nxd5 exd5 28. Qe6 Rc6 29. g4 Rb8 30. g5 Rcb6 31. Qxf7+ Kxf7 32. Re7+ Kg8 33. Rbe1 R6b7 34. Rxb7 Rxb7 35. Re6 Rxb3 36. Rxd6 d4 37. Rc6 Rc3 38. Rc8+ Kf7 39. Rc7+ Kf8 40. Rc8+ Kf7 41. Rc7+ Kf8 42. Rc8+ Kf7 1/2-1/2

[Event "GER-ch Net blitz qual4"]
[Site "Playchess.com INT"]
[Date "2020.03.23"]
[Round "2"]
[White "Junge, Kai"]
[Black "Lauer, Marius"]
[Result "1-0"]
[WhiteElo "2184"]
[BlackElo "2057"]
[PlyCount "125"]
[EventDate "2020.03.23"]
[EventType "swiss (blitz)"]
[EventRounds "9"]
[EventCountry "GER"]
[SourceTitle "CBM 195 Extra"]
[Source "ChessBase"]
[SourceDate "2020.05.31"]
[SourceVersion "1"]
[SourceVersionDate "2020.05.31"]
[SourceQuality "1"]

1. Nf3 c6 2. g3 d5 3. Bg2 Nf6 4. 0-0 g6 5. d4 Bg7 6. c4 e6 7. cxd5 exd5 8. Nc3 0-0 9. Ne5 Nbd7 10. Bf4 Nh5 11. Rc1 Nxf4 12. gxf4 Nxe5 13. fxe5 Qg5 14. e3 Bg4 15. f4 Qh5 16. Qe1 Rfe8 17. Qg3 Bf8 18. Bf3 Bxf3 19. Qxf3 Qxf3 20. Rxf3 Bb4 21. a3 Bxc3 22. Rxc3 Kf8 23. h4 h5 24. f5 Ke7 25. fxg6 fxg6 26. Rf6 Rg8 27. Rc1 Raf8 28. Rcf1 Rxf6 29. Rxf6 g5 30. hxg5 Rxg5+ 31. Kf2 h4 32. Rh6 Rg4 33. Rh7+ Ke6 34. Rxb7 Kf5 35. Rh7 a5 36. b4 axb4 37. axb4 Ke4 38. e6 Rg6 39. Rxh4+ Kd3 40. e7 Re6 41. Rh7 Kd2 42. Kf3 Rxe3+ 43. Kf4 Re4+ 44. Kf5 Kc3 45. Kf6 Kxb4 46. Kf7 Kc4 47. Rh6 Rf4+ 48. Rf6 Re4 49. Re6 Rf4+ 50. Kg6 Rg4+ 51. Kf7 Rf4+ 52. Kg6 Rg4+ 53. Kf5 Rg8 54. Ke5 Rg5+ 55. Kd6 Rg8 56. Kxc6 Kxd4 57. e8Q Rxe8 58. Rxe8 Kc4 59. Kd6 d4 60. Ke5 Kc3 61. Rc8+ Kd3 62. Rd8 Ke3 63. Rxd4 1-0

[Event "GER-ch Net blitz qual3"]
[Site "Playchess.com INT"]
[Date "2020.03.21"]
[Round "7"]
[White "Lauer, Marius"]
[Black "Fabregas, Oliver"]
[Result "1-0"]
[WhiteElo "2057"]
[BlackElo "1935"]
[PlyCount "71"]
[EventDate "2020.03.21"]
[EventType "swiss (blitz)"]
[EventRounds "9"]
[EventCountry "GER"]
[SourceTitle "CBM 195 Extra"]
[Source "ChessBase"]
[SourceDate "2020.05.31"]
[SourceVersion "1"]
[SourceVersionDate "2020.05.31"]
[SourceQuality "1"]

1. c4 e5 2. g3 f5 3. Bg2 Nf6 4. Nc3 Bb4 5. d3 c6 6. a3 Be7 7. Nf3 d6 8. b4 a6 9. a4 0-0 10. Rb1 h6 11. 0-0 Be6 12. b5 axb5 13. axb5 Qd7 14. Qb3 c5 15. Nh4 Bf7 16. Na4 Qe6 17. Nb6 Ra7 18. Bd2 g5 19. Nf3 e4 20. Ne1 Nbd7 21. Nxd7 Nxd7 22. Bc3 b6 23. Nc2 exd3 24. exd3 Ne5 25. Rfe1 Qf6 26. Ne3 Re8 27. f4 gxf4 28. gxf4 Qh4 29. fxe5 f4 30. Nf5 Qg5 31. Nxe7+ Rexe7 32. Kh1 Bh5 33. Rg1 dxe5 34. Bd5+ Kh7 35. Rxg5 hxg5 36. Rg1 1-0

[Event "GER-ch Net blitz qual3"]
[Site "Playchess.com INT"]
[Date "2020.03.21"]
[Round "4"]
[White "Monninger, Moritz Franz"]
[Black "Lauer, Marius"]
[Result "1-0"]
[WhiteElo "2022"]
[BlackElo "2057"]
[PlyCount "71"]
[EventDate "2020.03.21"]
[EventType "swiss (blitz)"]
[EventRounds "9"]
[EventCountry "GER"]
[SourceTitle "CBM 195 Extra"]
[Source "ChessBase"]
[SourceDate "2020.05.31"]
[SourceVersion "1"]
[SourceVersionDate "2020.05.31"]
[SourceQuality "1"]

1. d4 Nf6 2. Bg5 d5 3. e3 c5 4. Nc3 e6 5. Nf3 Qb6 6. Na4 Qb4+ 7. c3 Qa5 8. Nxc5 Bxc5 9. dxc5 Qxc5 10. Qd4 Nbd7 11. Qxc5 Nxc5 12. Be2 Nfe4 13. Bh4 h5 14. 0-0 f6 15. c4 g5 16. Bg3 Kd7 17. h4 Nxg3 18. fxg3 g4 19. Nd4 Ne4 20. Kh2 f5 21. cxd5 exd5 22. Rxf5 Kd6 23. Nb5+ Kc6 24. Nd4+ Kd6 25. Rf4 a6 26. Rc1 Bd7 27. Bd3 Nc5 28. Bg6 b6 29. Rf6+ Be6 30. Rxc5 Kxc5 31. Nxe6+ Kb4 32. Nf4 Rad8 33. Rxb6+ Ka5 34. Rb7 d4 35. Bc2 dxe3 36. b4# 1-0

[Event "GER-ch Net blitz qual3"]
[Site "Playchess.com INT"]
[Date "2020.03.21"]
[Round "2"]
[White "Pernutz, Hans Gerhard"]
[Black "Lauer, Marius"]
[Result "0-1"]
[WhiteElo "2053"]
[BlackElo "2057"]
[PlyCount "84"]
[EventDate "2020.03.21"]
[EventType "swiss (blitz)"]
[EventRounds "9"]
[EventCountry "GER"]
[SourceTitle "CBM 195 Extra"]
[Source "ChessBase"]
[SourceDate "2020.05.31"]
[SourceVersion "1"]
[SourceVersionDate "2020.05.31"]
[SourceQuality "1"]

1. e4 g6 2. d4 Nf6 3. Nc3 d5 4. e5 Nh5 5. Be2 Ng7 6. Nf3 e6 7. 0-0 c5 8. dxc5 Bxc5 9. Bg5 Be7 10. Bd2 Nc6 11. Bf4 0-0 12. Qd2 a6 13. a4 Bd7 14. Bh6 Re8 15. Rfe1 Qa5 16. Qf4 Qb4 17. Bd3 Qxf4 18. Bxf4 Nb4 19. Nd4 Rec8 20. g4 h5 21. h3 Bc5 22. Nb3 Ba7 23. Kg2 Bc6 24. f3 d4 25. Ne4 Bxe4 26. Bxe4 Nxc2 27. Bxb7 Nxe1+ 28. Rxe1 Rc2+ 29. Kg3 Rb8 30. Bxa6 Rxb3 31. Bb5 Rbxb2 32. Kh4 Bb6 33. Kg5 Bd8+ 34. Kh6 hxg4 35. fxg4 Rf2 36. Bc1 Rb1 37. Rd1 Rh2 38. Bf1 Ba5 39. Rxd4 Rxc1 40. Rd7 Rxf1 41. Rc7 Rxh3+ 42. Kg5 Bd2# 0-1

[Event "Pfalz-ch MT-B 87th"]
[Site "Landau"]
[Date "2018.03.29"]
[Round "5"]
[White "Lauer, Marius"]
[Black "Huschens, Matthias"]
[Result "0-1"]
[WhiteElo "2064"]
[BlackElo "1946"]
[PlyCount "56"]
[EventDate "2018.03.23"]
[EventType "tourn"]
[EventRounds "9"]
[EventCountry "GER"]
[SourceTitle "EXT 2019"]
[Source "ChessBase"]
[SourceDate "2018.10.10"]
[SourceVersion "1"]
[SourceVersionDate "2018.10.10"]
[SourceQuality "1"]

1. e4 d6 2. d4 Nf6 3. Nc3 g6 4. Bg5 h6 5. Bh4 Bg7 6. Nd5 Nxd5 7. exd5 0-0 8. c3 c6 9. Bc4 Nd7 10. dxc6 bxc6 11. Qd3 Nb6 12. Bb3 Bf5 13. Qe3 Qc7 14. Ne2 e5 15. dxe5 dxe5 16. 0-0 a5 17. Ng3 Bc8 18. Ne4 a4 19. Nf6+ Kh8 20. Bc2 Nd5 21. Qf3 Be6 22. Be4 Rab8 23. c4 Nf4 24. Ng4 f5 25. Nxh6 fxe4 26. Qxe4 Bxh6 27. b3 Bf5 28. Qf3 Bd3 0-1

[Event "Pfalz-ch MT-B 87th"]
[Site "Landau"]
[Date "2018.03.24"]
[Round "2"]
[White "Huseynov, Ahad"]
[Black "Lauer, Marius"]
[Result "1/2-1/2"]
[WhiteElo "2020"]
[BlackElo "2064"]
[PlyCount "76"]
[EventDate "2018.03.23"]
[EventType "tourn"]
[EventRounds "9"]
[EventCountry "GER"]
[SourceTitle "EXT 2019"]
[Source "ChessBase"]
[SourceDate "2018.10.10"]
[SourceVersion "1"]
[SourceVersionDate "2018.10.10"]
[SourceQuality "1"]

1. e4 d5 2. exd5 Qxd5 3. Nc3 Qa5 4. d4 Nf6 5. Bd2 c6 6. Ne4 Qd8 7. Nxf6+ exf6 8. c3 Bd6 9. Nf3 0-0 10. Be2 Re8 11. 0-0 Bg4 12. h3 Bh5 13. Re1 Nd7 14. Nh2 Bxe2 15. Rxe2 Qc7 16. Nf3 Nf8 17. Rxe8 Rxe8 18. Qa4 Qb6 19. Qb3 Qxb3 20. axb3 a6 21. b4 Ng6 22. g3 Kf8 23. Re1 Re6 24. Kf1 Ke7 25. Rxe6+ fxe6 26. Ke2 h6 27. Kd3 e5 28. dxe5 Nxe5+ 29. Nxe5 Bxe5 30. f4 Bc7 31. g4 Kd6 32. Ke4 Ke6 33. Be3 Bd6 34. h4 Be7 35. h5 Bd6 36. Bb6 Bb8 37. Bd4 Bd6 38. Bb6 Bb8 1/2-1/2

[Event "Pfalz-ch MAT1 86th"]
[Site "Wolfstein"]
[Date "2017.04.13"]
[Round "6"]
[White "Lauer, Marius"]
[Black "Kopf, Rainer"]
[Result "1-0"]
[WhiteElo "1963"]
[BlackElo "1980"]
[PlyCount "95"]
[EventDate "2017.04.07"]
[EventType "tourn"]
[EventRounds "9"]
[EventCountry "GER"]
[SourceTitle "EXT 2018"]
[Source "ChessBase"]
[SourceDate "2017.10.13"]
[SourceVersion "1"]
[SourceVersionDate "2017.10.13"]
[SourceQuality "1"]

1. e4 e6 2. d4 d5 3. exd5 exd5 4. Bd3 Bd6 5. Nf3 Bg4 6. 0-0 Nc6 7. c3 Nge7 8. Bg5 f6 9. Bh4 Qd7 10. Nbd2 0-0-0 11. b4 Ng6 12. Qa4 Kb8 13. Bb5 a6 14. Bxc6 Qxc6 15. Qxc6 bxc6 16. Rfe1 Rhe8 17. Bg3 h5 18. h3 Bxf3 19. Nxf3 Bxg3 20. fxg3 Kc8 21. Kf2 Kd7 22. Rab1 Rxe1 23. Nxe1 Nf8 24. Nd3 Ne6 25. Rb3 Ra8 26. Ke3 g5 27. Kd2 Kd6 28. Ra3 h4 29. g4 Ra7 30. Ra5 Ra8 31. a4 Nf4 32. Nxf4 gxf4 33. b5 cxb5 34. axb5 c6 35. Rxa6 Rb8 36. Rxc6+ Kd7 37. Rc5 Kd6 38. Ke2 Ra8 39. Rc6+ Ke7 40. Ra6 Rb8 41. b6 Kd7 42. Ra7+ Kc6 43. b7 Kb6 44. Ra2 Re8+ 45. Kf3 Kxb7 46. Kxf4 Re1 47. Kf5 Rc1 48. Kxf6 1-0

[Event "Pfalz-ch MAT1 86th"]
[Site "Wolfstein"]
[Date "2017.04.09"]
[Round "4"]
[White "Lauer, Marius"]
[Black "Haertner, Helmut"]
[Result "1/2-1/2"]
[WhiteElo "1963"]
[BlackElo "1888"]
[PlyCount "120"]
[EventDate "2017.04.07"]
[EventType "tourn"]
[EventRounds "9"]
[EventCountry "GER"]
[SourceTitle "EXT 2018"]
[Source "ChessBase"]
[SourceDate "2017.10.13"]
[SourceVersion "1"]
[SourceVersionDate "2017.10.13"]
[SourceQuality "1"]

1. e4 c5 2. c3 e6 3. d4 d5 4. dxc5 Bxc5 5. exd5 Qxd5 6. Qxd5 exd5 7. Bd3 Nc6 8. Nf3 h6 9. Bf4 Be6 10. Nbd2 Nf6 11. h3 0-0 12. 0-0 Rfe8 13. Rfe1 Bb6 14. Nb3 Bd7 15. Kf1 a6 16. Ne5 Nxe5 17. Bxe5 Kf8 18. Nd4 Ne4 19. Bxe4 Rxe5 20. Bd3 Rae8 21. Rxe5 Rxe5 22. Re1 Rxe1+ 23. Kxe1 Ke7 24. Ke2 Kd6 25. Kf3 Ke5 26. Nc2 Bc6 27. Nb4 Be8 28. Bc2 a5 29. Nd3+ Kd6 30. g3 Bc6 31. Ke2 Bd7 32. h4 Bd8 33. Nf4 g5 34. hxg5 hxg5 35. Ng2 Bc6 36. Ne3 Ke5 37. Ng4+ Ke6 38. f4 gxf4 39. gxf4 f6 40. Ne3 Bc7 41. f5+ Ke7 42. Bb3 Kd6 43. Ng4 Bd8 44. Ke3 Ke7 45. Kd3 Bb6 46. Ne3 Kd6 47. Ng4 Ke7 48. c4 dxc4+ 49. Bxc4 Bg1 50. Be6 b6 51. a3 Bc5 52. Kc4 Bf3 53. Nh6 Kf8 54. Kb5 Kg7 55. Nf7 Be4 56. b4 Bd3+ 57. Kc6 axb4 58. axb4 Bxb4 59. Kxb6 Bxf5 60. Bxf5 Kxf7 1/2-1/2

[Event "GER-ch Net qual2 U18"]
[Site "Playchess.com INT"]
[Date "2009.05.13"]
[Round "6"]
[White "Diehlmann, Florian"]
[Black "Lauer, Marius"]
[Result "1-0"]
[WhiteElo "1589"]
[BlackElo "1882"]
[PlyCount "57"]
[EventDate "2009.05.13"]
[EventType "swiss (blitz)"]
[EventRounds "7"]
[EventCountry "GER"]
[SourceTitle "CBM 130 Extra"]
[Source "ChessBase"]
[SourceDate "2009.07.02"]
[SourceVersion "2"]
[SourceVersionDate "2009.07.15"]
[SourceQuality "1"]

1. d4 Nf6 2. Nf3 g6 3. e3 Bg7 4. Bd3 0-0 5. 0-0 d5 6. b4 Bg4 7. Nbd2 a5 8. b5 Qd7 9. a4 Rc8 10. c4 c5 11. bxc6 bxc6 12. cxd5 Nxd5 13. Qb3 Nb4 14. Bc4 e6 15. Ne5 Bxe5 16. dxe5 Rd8 17. Ne4 N8a6 18. Nf6+ Kg7 19. Nxd7 Rxd7 20. f3 Nc5 21. Qc3 Bf5 22. e4 Bxe4 23. fxe4 Nxe4 24. Qf3 Nc5 25. Qf6+ Kf8 26. Bh6+ Ke8 27. Qh8+ Ke7 28. Qxa8 Ne4 29. Qf8# 1-0

[Event "GER-ch Net qual2 U18"]
[Site "Playchess.com INT"]
[Date "2009.05.13"]
[Round "7"]
[White "Schulz, Anja2222"]
[Black "Lauer, Marius"]
[Result "1/2-1/2"]
[WhiteElo "1995"]
[BlackElo "1882"]
[PlyCount "139"]
[EventDate "2009.05.13"]
[EventType "swiss (blitz)"]
[EventRounds "7"]
[EventCountry "GER"]
[SourceTitle "CBM 130 Extra"]
[Source "ChessBase"]
[SourceDate "2009.07.02"]
[SourceVersion "2"]
[SourceVersionDate "2009.07.15"]
[SourceQuality "1"]

1. e4 e5 2. Nf3 Nc6 3. Bb5 Bc5 4. 0-0 d6 5. c3 Bd7 6. Re1 a6 7. Ba4 b5 8. Bb3 Nf6 9. d3 0-0 10. Nbd2 Bb6 11. Nf1 Bg4 12. h3 Bh5 13. Ng3 Bg6 14. Kf1 Na5 15. Bc2 Nc6 16. Nh2 Qd7 17. Qf3 Rad8 18. Ng4 Nxg4 19. hxg4 d5 20. Nf5 Qe6 21. Bb3 dxe4 22. dxe4 Qd7 23. Bg5 Rde8 24. Rad1 Qc8 25. g3 Kh8 26. Kg2 f6 27. Bc1 Bf7 28. Bxf7 Rxf7 29. Rh1 Rd8 30. Rde1 Qd7 31. g5 Ne7 32. Nxe7 Rxe7 33. gxf6 Rf7 34. fxg7+ Rxg7 35. Bh6 Rf7 36. Bf4 exf4 37. gxf4 Rg8+ 38. Kf1 Qg4 39. Qd3 Qg2+ 40. Ke2 Qxf2+ 41. Kd1 Rxf4 42. Ref1 Qg2 43. Rxf4 Qxh1+ 44. Kc2 Qg2+ 45. Kb3 Qg6 46. Qd5 Qg7 47. Rf7 Qg6 48. Qe5+ Qg7 49. Rxg7 Rxg7 50. Qf6 h5 51. e5 Kg8 52. e6 Bc5 53. Qd8+ Kh7 54. Qd5 Bd6 55. Qxh5+ Kg8 56. a4 Re7 57. Qg6+ Rg7 58. Qe8+ Kh7 59. axb5 axb5 60. Qxb5 Kg6 61. Qe8+ Kf6 62. Qh8 Be5 63. Qd8+ Kxe6 64. c4 Rd7 65. Qg8+ Ke7 66. Qh7+ Ke6 67. Qg6+ Ke7 68. Qh7+ Kd6 69. Qg6+ Ke7 70. Qh7+ 1/2-1/2

[Event "GER-ch Net qual1 U18"]
[Site "Playchess.com INT"]
[Date "2009.05.10"]
[Round "6"]
[White "Lauer, Marius"]
[Black "Zelbel, Patrick"]
[Result "0-1"]
[WhiteElo "1882"]
[BlackElo "2330"]
[PlyCount "106"]
[EventDate "2009.05.10"]
[EventType "swiss (blitz)"]
[EventRounds "7"]
[EventCountry "GER"]
[SourceTitle "CBM 130 Extra"]
[Source "ChessBase"]
[SourceDate "2009.07.02"]
[SourceVersion "2"]
[SourceVersionDate "2009.07.15"]
[SourceQuality "1"]

1. b3 e5 2. Bb2 d6 3. c4 Nc6 4. Nc3 Be7 5. e3 Nf6 6. Nf3 0-0 7. Be2 Be6 8. 0-0 Re8 9. d4 exd4 10. exd4 d5 11. cxd5 Nxd5 12. Bc4 Bf8 13. Re1 Nxc3 14. Bxc3 Bb4 15. Bxb4 Nxb4 16. Bxe6 fxe6 17. Qd2 Nd5 18. Re5 Qf6 19. Rae1 Rad8 20. Ng5 Rd6 21. Ne4 Qg6 22. Nxd6 cxd6 23. R5e4 Qf5 24. Qa5 Rf8 25. f3 Re8 26. Qxa7 Nf4 27. Qxb7 Qg5 28. g3 Rf8 29. R4e3 Nh5 30. Qd7 Nf4 31. Kh1 Ng6 32. Qxe6+ Kh8 33. Qxd6 h6 34. Re8 Rxe8 35. Rxe8+ Kh7 36. Qf4 Nxf4 37. gxf4 Qxf4 38. Kg2 Qd2+ 39. Re2 Qxe2+ 40. Kg3 Qxa2 41. b4 Qb3 42. d5 Qxd5 43. b5 Qxb5 44. Kh4 Qg5+ 45. Kh3 Qh5+ 46. Kg3 g5 47. h3 Qh4+ 48. Kg2 Kg6 49. Kh2 Kf5 50. Kg2 Kf4 51. Kf1 Kxf3 52. Kg1 Qf2+ 53. Kh1 Qg2# 0-1

[Event "GER-ch U10"]
[Site "Winterberg"]
[Date "2002.05.22"]
[Round "7"]
[White "Nuber, Blasius"]
[Black "Lauer, Marius"]
[Result "1-0"]
[WhiteElo "1239"]
[BlackElo "1305"]
[PlyCount "49"]
[EventDate "2002.05.19"]
[EventType "swiss"]
[EventRounds "11"]
[EventCountry "GER"]
[SourceTitle "CBM 088 Extra"]
[Source "ChessBase"]
[SourceDate "2002.07.01"]
[SourceVersion "2"]
[SourceVersionDate "2002.07.01"]
[SourceQuality "1"]

1. d4 d5 2. Nf3 Nf6 3. c4 c6 4. Nc3 e6 5. Bf4 Bd6 6. Bxd6 Qxd6 7. e3 0-0 8. c5 Qc7 9. Bd3 Nbd7 10. 0-0 b6 11. b4 a5 12. a3 b5 13. Qd2 a4 14. Rfe1 e5 15. e4 Re8 16. dxe5 Nxe5 17. Nxe5 Rxe5 18. exd5 Nxd5 19. Nxd5 cxd5 20. Rxe5 Qxe5 21. Re1 Qxe1+ 22. Qxe1 Bd7 23. f3 g6 24. Qe7 Bc6 25. Qc7 1-0

[Event "GER-ch U10"]
[Site "Winterberg"]
[Date "2002.05.20"]
[Round "4"]
[White "Lauer, Marius"]
[Black "Mader, Markus"]
[Result "1-0"]
[WhiteElo "1305"]
[BlackElo "1089"]
[PlyCount "83"]
[EventDate "2002.05.19"]
[EventType "swiss"]
[EventRounds "11"]
[EventCountry "GER"]
[SourceTitle "CBM 088 Extra"]
[Source "ChessBase"]
[SourceDate "2002.07.01"]
[SourceVersion "2"]
[SourceVersionDate "2002.07.01"]
[SourceQuality "1"]

1. e4 e5 2. Nf3 Nc6 3. Bb5 a6 4. Ba4 Nf6 5. 0-0 Be7 6. Nc3 b5 7. Bb3 0-0 8. d4 d6 9. Nd5 Bg4 10. Nxf6+ Bxf6 11. d5 Nd4 12. Be3 Re8 13. Bxd4 exd4 14. Qd3 Bxf3 15. Qxf3 a5 16. a4 b4 17. Rab1 Qe7 18. Rfe1 Rac8 19. Bc4 Rcd8 20. b3 c6 21. dxc6 d5 22. Bd3 dxe4 23. Bxe4 Kh8 24. Re2 Be5 25. Rbe1 Bf6 26. Bxh7 Qf8 27. Qh5 Bg5 28. c7 Rxe2 29. Rxe2 Re8 30. Rxe8 Qxe8 31. Bf5+ Kg8 32. c8Q Bd8 33. Qh7+ Kf8 34. Qh8+ Ke7 35. Qc5+ Kf6 36. Qxe8 Bb6 37. Qec6+ Kg5 38. Be4+ Bxc5 39. Qxc5+ Kf4 40. g3+ Kg4 41. Kg2 f6 42. h3# 1-0